[Event "Chigorin Memorial Open"]
[Site "St Petersburg RUS"]
[Date "2011.10.20"]
[Round "7.18"]
[White "Krylov, Mikhail"]
[Black "Aleksandrov, Aleksej"]
[Result "1-0"]
[WhiteTitle "IM"]
[BlackTitle "GM"]
[WhiteElo "2471"]
[BlackElo "2618"]
[WhiteFideId "4151364"]
[BlackFideId "13500139"]
[EventDate "2011.10.14"]

1. d4 Nf6 2. c4 e6 3. g3 d5 4. Nf3 dxc4 5. Bg2 a6 6. O-O Nc6 7. e3 Bd7 8. Nc3
Nd5 9. Nd2 Nxc3 10. bxc3 b5 11. Qg4 Rb8 12. a4 g6 13. axb5 axb5 14. Qe2 Bg7 15.
Ba3 Ne7 16. Bc5 Nd5 17. Bxd5 exd5 18. e4 Be6 19. Ra6 Kd7 20. Rfa1 Re8 21. Ra7
Qg5 22. Nf1 dxe4 23. Ne3 Rec8 24. d5 Bh3 25. Qc2 Bf6 26. R1a6 Be7 27. Bxe7 Qxe7
28. d6 Qe5 29. Qd2 Ke8 30. Nd5 b4 31. Nf6+ Qxf6 32. d7+ Bxd7 33. Rxf6 b3 34. Ra1
Be6 35. Rxe6+ fxe6 36. Qd4 b2 37. Rb1 Rb6 38. Qxc4 e3 39. fxe3 Kd7 40. Rd1+ Ke8
41. Rb1 Kd7 42. Qa4+ Kd8 43. Qh4+ Kd7 44. Qxh7+ Kd6 45. Qxg6 Ra8 46. Qc2 Ra1 47.
Qd1+ 1-0

[Event "Chigorin Memorial Open"]
[Site "St Petersburg RUS"]
[Date "2011.10.20"]
[Round "7.19"]
[White "Andriasian, Zaven"]
[Black "Nozdrachev, Vladislav"]
[Result "1-0"]
[WhiteTitle "GM"]
[BlackTitle "FM"]
[WhiteElo "2615"]
[BlackElo "2463"]
[WhiteFideId "13302000"]
[BlackFideId "24113441"]
[EventDate "2011.10.14"]

1. e4 e5 2. Nf3 Nc6 3. Bc4 Bc5 4. c3 Nf6 5. d3 a6 6. Nbd2 O-O 7. h3 b5 8. Bb3
Bb6 9. O-O d5 10. Re1 d4 11. cxd4 Bxd4 12. Nxd4 Nxd4 13. Nf3 Nxb3 14. Qxb3 Re8
15. Bg5 Qd6 16. Rac1 c6 17. Qc2 Bb7 18. Bxf6 Qxf6 19. Nd2 a5 20. Nb3 a4 21. Nc5
Bc8 22. a3 Rd8 23. Qd2 Ra7 24. Qe3 Re7 25. Rc3 Qd6 26. Rec1 Rc7 27. R1c2 h6 28.
Qc1 Ra7 29. Nxa4 Bxh3 30. Rxc6 Qxd3 31. Nc5 Qd1+ 32. Kh2 Bg4 33. Kg3 Be2 34.
Qxd1 Bxd1 35. Rc3 Be2 36. Rc2 Bd1 37. Rc3 Be2 38. Nb3 Bc4 39. f3 Rd1 40. Rc8+
Kh7 41. Re3 g5 42. Nc5 Rd2 43. Re1 Rxb2 44. Rh1 Rxa3 45. Rc6 Raa2 46. Rcxh6+ Kg7
47. Kg4 Rxg2+ 48. Kf5 Rad2 49. Rh8 Be6+ 50. Kxe5 Rdf2 51. Nxe6+ fxe6 52. R1h7+
Kg6 53. Rh6+ Kf7 54. R8h7+ Kf8 55. Rb7 Rh2 56. Rg6 1-0

[Event "Chigorin Memorial Open"]
[Site "St Petersburg RUS"]
[Date "2011.10.20"]
[Round "7.23"]
[White "Deviatkin, Andrei"]
[Black "Bellia, Fabrizio"]
[Result "1-0"]
[WhiteTitle "GM"]
[BlackTitle "IM"]
[WhiteElo "2580"]
[BlackElo "2420"]
[WhiteFideId "4121260"]
[BlackFideId "800511"]
[EventDate "2011.10.14"]

1. b3 d5 2. Bb2 c5 3. e3 Nc6 4. Bb5 Qb6 5. Qe2 a6 6. Bxc6+ Qxc6 7. f4 Nf6 8. d3
b5 9. Nf3 g6 10. a3 Bg7 11. b4 c4 12. Bd4 O-O 13. Nbd2 Ne8 14. h3 Nd6 15. Bxg7
Kxg7 16. O-O Nf5 17. Kh2 Qb6 18. Rfe1 a5 19. g4 Nd6 20. Nd4 Bd7 21. Qf2 axb4 22.
axb4 cxd3 23. cxd3 Kg8 24. N2b3 Nb7 25. Rec1 Rxa1 26. Rxa1 Qd6 27. Ra7 Rb8 28.
Nc5 Bc8 29. Na6 1-0

[Event "Chigorin Memorial Open"]
[Site "St Petersburg RUS"]
[Date "2011.10.20"]
[Round "7.25"]
[White "Malakhov, Igor"]
[Black "Demchenko, Anton"]
[Result "0-1"]
[WhiteTitle "FM"]
[BlackTitle "IM"]
[WhiteElo "2428"]
[BlackElo "2574"]
[WhiteFideId "4183088"]
[BlackFideId "4160258"]
[EventDate "2011.10.14"]

1. Nf3 Nf6 2. g3 g6 3. Bg2 Bg7 4. O-O O-O 5. d4 d6 6. Nc3 Nbd7 7. e4 e5 8. a4 b6
9. Re1 a6 10. h3 Bb7 11. d5 a5 12. Nd2 Ne8 13. Nc4 Ba6 14. Ne3 Nc5 15. Qf3 Kh8
16. h4 Bc8 17. h5 Nf6 18. hxg6 fxg6 19. Qd1 h5 20. Nf1 Nh7 21. Be3 Bd7 22. b3
Rf7 23. Qd2 g5 24. f3 Bf6 25. Nh2 Rg7 26. g4 Qe8 27. Nb5 Bd8 28. Nc3 Nf8 29. Ne2
Ng6 30. Bxg5 Nh4 31. Bxd8 Qxd8 32. Qh6+ Rh7 33. Qe3 Qf6 34. Ng3 Rg8 35. Rf1 Ng6
36. Nxh5 Rxh5 37. gxh5 Nf4 38. Ng4 Bxg4 39. fxg4 Rxg4 40. Rf2 Nxe4 41. Re2 Ng3
42. Rf2 Nf5 43. Qd2 Nh4 44. Raf1 Qg5 45. Rxf4 Rxg2+ 46. Kh1 Rxd2 47. Rf8+ Qg8 0-1

[Event "Chigorin Memorial Open"]
[Site "St Petersburg RUS"]
[Date "2011.10.20"]
[Round "7.27"]
[White "Rychagov, Andrey"]
[Black "Tunik, Gennady"]
[Result "1-0"]
[WhiteTitle "GM"]
[BlackTitle "GM"]
[WhiteElo "2556"]
[BlackElo "2412"]
[WhiteFideId "4119932"]
[BlackFideId "4101219"]
[EventDate "2011.10.14"]

1. d4 Nf6 2. c4 e6 3. Nc3 Bb4 4. Qc2 c5 5. dxc5 Qc7 6. Nf3 Bxc5 7. g3 a6 8. Bf4
d6 9. Bg2 Nbd7 10. O-O e5 11. Bd2 O-O 12. Rac1 Re8 13. Ng5 Nf8 14. Nd5 Nxd5 15.
Bxd5 Re7 16. b4 Ba7 17. Qd3 h6 18. Ne4 Kh8 19. c5 dxc5 20. Nxc5 Bxc5 21. Rxc5
Qb6 22. Be3 Qf6 23. Rfc1 Bf5 24. Be4 Bxe4 25. Qxe4 Qg6 26. Qd5 Rae8 27. Rc7 Rxc7
28. Rxc7 Ne6 29. Rxb7 Kg8 30. Qd3 Qg4 31. f3 Qh5 32. Qxa6 Rd8 33. Qb5 Qf5 34.
Rb8 Rxb8 35. Qxb8+ Kh7 36. Qa8 Qb1+ 37. Kf2 Qh1 38. Qe4+ Kg8 39. Qh4 Qb1 40. a4
g5 41. Qxh6 g4 42. Bg5 1-0

[Event "Chigorin Memorial Open"]
[Site "St Petersburg RUS"]
[Date "2011.10.20"]
[Round "7.28"]
[White "Ajrapetian, Gevorg"]
[Black "Epishin, Vladimir"]
[Result "1/2-1/2"]
[WhiteTitle "IM"]
[BlackTitle "GM"]
[WhiteElo "2420"]
[BlackElo "2544"]
[WhiteFideId "4174232"]
[BlackFideId "4162714"]
[EventDate "2011.10.14"]

1. e4 c5 2. Nf3 d6 3. c3 Nf6 4. d3 e6 5. Be2 Be7 6. O-O O-O 7. Re1 b6 8. Bf1 Bb7
9. Nbd2 Qc7 10. d4 cxd4 11. cxd4 Rc8 12. a3 Ba6 13. Bxa6 Nxa6 14. Qe2 Nb8 15.
Nf1 Nbd7 16. Bg5 h6 17. Rac1 Qb7 18. Bxf6 Nxf6 19. N1d2 b5 20. e5 dxe5 21. dxe5
Nd5 22. Nb3 a6 23. Qe4 Rxc1 24. Rxc1 Rc8 25. Rxc8+ Qxc8 26. Nfd4 Bd8 27. Ne2 Bb6
28. g3 a5 29. Nbd4 b4 30. axb4 Nxb4 31. b3 Nd5 32. Kg2 Qb7 33. f3 Bc5 34. Qd3
Bb6 35. Kh3 Qd7 36. Qb5 Qd8 37. Qd3 Qc8 38. Qc2 Qd8 39. Qd3 h5 40. f4 Ne7 41.
Qe4 g6 42. Qb7 Bxd4 43. Nxd4 Qxd4 44. Qxe7 Qd1 45. Qa7 Kg7 46. Qxa5 Qxb3 47. Qd8 1/2-1/2

[Event "Chigorin Memorial Open"]
[Site "St Petersburg RUS"]
[Date "2011.10.20"]
[Round "7.29"]
[White "Malakhatko, Vadim"]
[Black "Kanter, Eduard"]
[Result "1/2-1/2"]
[WhiteTitle "GM"]
[BlackTitle "IM"]
[WhiteElo "2543"]
[BlackElo "2406"]
[WhiteFideId "14104202"]
[BlackFideId "4103963"]
[EventDate "2011.10.14"]

1. Nf3 Nf6 2. c4 g6 3. Nc3 d5 4. cxd5 Nxd5 5. Qc2 Bg7 6. e4 Nxc3 7. dxc3 O-O 8.
Bf4 c6 9. h3 Nd7 10. Be2 e5 11. Be3 Qe7 12. O-O Nc5 13. b4 Ne6 14. Rfe1 a5 15.
a3 Qc7 16. Bf1 Re8 17. Nd2 axb4 18. axb4 Rxa1 19. Rxa1 Bf6 20. Nc4 Nf8 21. Ra7
Qb8 22. Qd1 Be7 23. Qa1 Be6 24. Nb6 Rd8 25. Be2 Nd7 26. Nxd7 Bxd7 27. Bb6 Rf8
28. Bc4 Bc8 29. Qa4 Qd6 30. Bc5 Qf6 31. Bxe7 Qxe7 32. Qxc6 Qg5 33. Qc5 Bxh3 34.
Bf1 Rd8 35. Qe3 Qxe3 36. fxe3 Bc8 37. Bc4 Rd1+ 38. Kf2 Kg7 39. Bd5 Rd2+ 40. Kf1
Rd3 41. c4 h5 42. Ra8 Bg4 43. Bxb7 Rd1+ 44. Kf2 Rd2+ 45. Kg1 Rd1+ 46. Kh2 Rd2
47. Ra1 h4 48. Bd5 g5 49. c5 Rb2 50. Ra7 Rxb4 51. Rxf7+ Kg6 52. Rb7 Ra4 53. c6
Ra3 54. c7 Rc3 55. Rb6+ Kg7 56. Rc6 Rxc6 57. Bxc6 Bc8 58. g3 h3 59. g4 Kf7 1/2-1/2

[Event "Chigorin Memorial Open"]
[Site "St Petersburg RUS"]
[Date "2011.10.20"]
[Round "7.30"]
[White "Yevseev, Denis"]
[Black "Pankov, German"]
[Result "1-0"]
[WhiteTitle "GM"]
[BlackTitle "FM"]
[WhiteElo "2529"]
[BlackElo "2392"]
[WhiteFideId "4126378"]
[BlackFideId "4174569"]
[EventDate "2011.10.14"]

1. Nf3 g6 2. d4 Nf6 3. c4 Bg7 4. Nc3 O-O 5. e4 d6 6. Be2 Bg4 7. Be3 Nfd7 8. Ng1
Bxe2 9. Ngxe2 c5 10. O-O Nc6 11. d5 Nce5 12. b3 Ng4 13. Bg5 Rb8 14. Rc1 a6 15.
a4 b6 16. Qc2 Ngf6 17. f4 Ne8 18. Bh4 Nc7 19. e5 Ne8 20. e6 fxe6 21. dxe6 Ndf6
22. f5 Bh6 23. fxg6 Bxc1 24. Qxc1 hxg6 25. Qh6 Ng7 26. Bxf6 Rxf6 27. Rxf6 exf6
28. Nd5 Nxe6 29. Qxg6+ Kf8 30. Nxf6 Ng7 31. Nh7+ Kg8 32. Ng5 1-0

[Event "Chigorin Memorial Open"]
[Site "St Petersburg RUS"]
[Date "2011.10.20"]
[Round "7.31"]
[White "Gavrilov, Alexei1"]
[Black "Tilicheev, Viacheslav"]
[Result "1-0"]
[WhiteTitle "GM"]
[BlackTitle "FM"]
[WhiteElo "2509"]
[BlackElo "2389"]
[WhiteFideId "4104358"]
[BlackFideId "24114928"]
[EventDate "2011.10.14"]

1. d4 Nf6 2. Nf3 g6 3. c4 Bg7 4. Nc3 d5 5. Bg5 Ne4 6. Bf4 Nxc3 7. bxc3 c5 8. e3
cxd4 9. cxd4 Nc6 10. cxd5 Qxd5 11. Be2 O-O 12. O-O Re8 13. Bg3 b6 14. Qb3 e6 15.
Nd2 Bb7 16. Bf3 Qf5 17. Rac1 Na5 18. Qa4 Bxf3 19. Nxf3 Qd5 20. Rc7 Rec8 21. Rfc1
Rxc7 22. Rxc7 Qd8 23. h4 Bf6 24. Qc2 b5 25. Qc5 a6 26. e4 Nc4 27. d5 e5 28. Qc6
Na5 29. Qc1 Nc4 30. Rc6 Bg7 31. h5 Na5 32. Rc5 Nc4 33. Bh4 f6 34. hxg6 hxg6 35.
Rc6 Qf8 36. Bg3 Qb4 37. Nh4 Kh7 38. Qd1 Nd6 39. a3 Qxa3 40. Qg4 g5 41. Rc7 Rf8
42. Nf5 Rf7 43. Rc6 Nxf5 44. Qxf5+ Kg8 45. d6 Qd3 46. f3 Qb3 47. Rc8+ Bf8 48.
Qg6+ Kh8 49. Qh6+ Kg8 50. Qg6+ Kh8 51. Rc7 Rxc7 52. dxc7 Qe6 53. Bxe5 1-0

[Event "Chigorin Memorial Open"]
[Site "St Petersburg RUS"]
[Date "2011.10.20"]
[Round "7.32"]
[White "Karasev, Vladimir I"]
[Black "Neverov, Valeriy"]
[Result "0-1"]
[WhiteTitle "IM"]
[BlackTitle "GM"]
[WhiteElo "2372"]
[BlackElo "2508"]
[WhiteFideId "4103971"]
[BlackFideId "14100150"]
[EventDate "2011.10.14"]

1. c4 g6 2. Nc3 Bg7 3. g3 d6 4. Bg2 e5 5. e3 f5 6. d3 Nf6 7. Nge2 O-O 8. Rb1 c6
9. e4 Be6 10. exf5 gxf5 11. Qb3 Qc7 12. d4 Nbd7 13. d5 Nc5 14. Qd1 cxd5 15. cxd5
Bd7 16. O-O a5 17. f4 e4 18. h3 b5 19. a4 b4 20. Nb5 Bxb5 21. axb5 Nd3 22. Nd4
Qc5 23. Be3 Nxd5 24. Nxf5 Nxe3 25. Qb3+ Kh8 26. Nxe3 Qxe3+ 27. Kh2 Qd4 28. Qe6
Rae8 29. Qg4 a4 30. Qe2 d5 31. Rfd1 Qb6 32. f5 Qxb5 33. g4 Qb8+ 34. Kh1 Qg3 35.
Rd2 Be5 36. Bf1 Bd4 0-1

[Event "Chigorin Memorial Open"]
[Site "St Petersburg RUS"]
[Date "2011.10.20"]
[Round "7.34"]
[White "Goryachkina, Aleksandra"]
[Black "Rozum, Ivan"]
[Result "0-1"]
[WhiteTitle "WFM"]
[BlackTitle "IM"]
[WhiteElo "2248"]
[BlackElo "2481"]
[WhiteFideId "4147103"]
[BlackFideId "24104272"]
[EventDate "2011.10.14"]

1. d4 Nf6 2. c4 c5 3. d5 e5 4. Nc3 d6 5. e4 Be7 6. h3 O-O 7. Nf3 a6 8. Be3 Nbd7
9. g4 Rb8 10. g5 Nh5 11. Nxe5 Nxe5 12. Qxh5 g6 13. Qe2 b5 14. cxb5 c4 15. Qc2
Bxg5 16. f4 Bh4+ 17. Kd2 Nd3 18. Bxd3 cxd3 19. Qxd3 axb5 20. b4 Re8 21. Bd4 Bd7
22. Rac1 Ra8 23. Rc2 Ra3 24. Kc1 Qa8 25. Qd2 Rc8 26. Kb1 Rc4 27. Nd1 Qe8 28.
Rxc4 bxc4 29. e5 Bf5+ 30. Ka1 Rd3 31. Qb2 Qa8 32. Rg1 Rb3 33. Qc1 Rb1+ 34. Qxb1
Bxb1 35. Kxb1 Qxd5 36. Bb2 Qd3+ 37. Ka1 d5 38. b5 d4 39. b6 c3 40. Bc1 Qb5 0-1

[Event "Chigorin Memorial Open"]
[Site "St Petersburg RUS"]
[Date "2011.10.20"]
[Round "7.35"]
[White "Yakovich, Yuri"]
[Black "Khakimov, Timur"]
[Result "0-1"]
[WhiteTitle "GM"]
[BlackTitle "IM"]
[WhiteElo "2549"]
[BlackElo "2281"]
[WhiteFideId "4100654"]
[BlackFideId "4169115"]
[EventDate "2011.10.14"]

1. d4 c6 2. c4 d5 3. Nc3 Nf6 4. e3 a6 5. Bd3 b5 6. b3 Bg4 7. Nge2 e6 8. Qc2 Bxe2
9. Bxe2 Be7 10. O-O O-O 11. Rd1 Nbd7 12. Bf3 Qb8 13. Rb1 Rc8 14. Qe2 Bb4 15. Bb2
dxc4 16. bxc4 Nb6 17. c5 Nc4 18. Ba1 a5 19. Rb3 Bxc3 20. Rxc3 Nd5 21. Rcc1 Rd8
22. Be4 a4 23. g3 a3 24. Bd3 Nb2 25. Bxb2 axb2 26. Qxb2 Qa7 27. e4 Nf6 28. Bb1
Qa3 29. Qc2 Qa4 30. Qc3 Qa3 31. Qc2 Qa4 32. Qd2 e5 33. d5 cxd5 34. exd5 Rxd5 35.
Qe2 Rxd1+ 36. Rxd1 e4 37. c6 Rc8 38. Rc1 Qa3 39. Qd2 h6 40. Rc3 Qb4 41. Qc2 Rc7
42. Kg2 g6 43. Rc5 e3 44. fxe3 Ng4 45. Rc3 Rxc6 46. Rxc6 Nxe3+ 47. Kf3 Nxc2 48.
Bxc2 Qe1 49. Kg2 Qe8 50. Rf6 Qa8+ 51. Kg1 Qxa2 52. Rf2 b4 53. Be4 b3 54. Bd5
Qa1+ 55. Kg2 b2 56. Rxf7 b1=Q 0-1

[Event "Chigorin Memorial Open"]
[Site "St Petersburg RUS"]
[Date "2011.10.20"]
[Round "7.36"]
[White "Korobov, Anton"]
[Black "Serov, Maksim"]
[Result "1-0"]
[WhiteTitle "GM"]
[WhiteElo "2671"]
[BlackElo "2388"]
[WhiteFideId "14105730"]
[BlackFideId "4181905"]
[EventDate "2011.10.14"]

1. d4 f5 2. g3 Nf6 3. Bg2 g6 4. Nf3 Bg7 5. O-O O-O 6. c4 d6 7. Nc3 Nc6 8. d5 Na5
9. Nd2 c5 10. a3 Bd7 11. Qc2 Qc7 12. b3 a6 13. Bb2 b5 14. e3 Rab8 15. Rab1 Rb7
16. Ne2 bxc4 17. bxc4 Rfb8 18. Bc3 Rxb1 19. Rxb1 Rxb1+ 20. Qxb1 Ng4 21. Bxg7
Kxg7 22. Qb2+ Kg8 23. h3 Nf6 24. Kh2 Qb7 25. Qc3 Qb6 26. e4 fxe4 27. Nxe4 Kf7
28. Nf4 Nb3 29. Qb2 a5 30. Ne6 a4 31. N6g5+ Kg7 32. Nxf6 exf6 33. Ne4 Qd8 34.
Nxd6 Bxh3 35. Nb7 Qc8 36. Nd6 Qd8 37. Nb7 Qc8 38. Bxh3 Qxb7 39. d6 Kf7 40. d7
Qb8 41. Bg2 Ke7 42. Bc6 Qe5 43. Qc2 Nd4 44. Qxa4 Qe6 45. Bd5 Qxd7 46. Qa5 Kd6
47. a4 Qc7 48. Qa8 Nb3 49. Qa6+ 1-0

[Event "Chigorin Memorial Open"]
[Site "St Petersburg RUS"]
[Date "2011.10.20"]
[Round "7.38"]
[White "Monin, Nikolay"]
[Black "Maletin, Pavel"]
[Result "0-1"]
[WhiteTitle "IM"]
[BlackTitle "GM"]
[WhiteElo "2365"]
[BlackElo "2579"]
[WhiteFideId "4104013"]
[BlackFideId "4146786"]
[EventDate "2011.10.14"]

1. d4 Nf6 2. Nf3 g6 3. Bf4 Bg7 4. e3 O-O 5. Be2 d6 6. h3 c5 7. O-O Qb6 8. Nbd2
Be6 9. Qc1 Nc6 10. c3 cxd4 11. Nxd4 Nxd4 12. exd4 Nd5 13. Bh2 Rac8 14. Nf3 Qa5
15. Qd2 b5 16. Ng5 Bd7 17. f4 Nb6 18. Bg3 Nc4 19. Bxc4 bxc4 20. Rfe1 Rfe8 21.
Re2 Rb8 22. a3 h6 23. Ne4 Rb5 24. Nf2 Reb8 25. Nd1 Bf6 26. Qe1 R5b7 27. Qf2 Bf5
28. Ne3 Bd3 29. Rd2 Rb5 30. Re1 Qb6 31. Nd1 Kg7 32. Kh2 Qb7 33. Qe3 e6 34. Qf2
Qe7 35. Ne3 h5 36. Kg1 h4 37. Bh2 Qb7 38. Nd1 Qb6 39. Kh1 Rb7 40. Kg1 a6 41. Qe3
Qc6 42. Rf2 Bf5 43. Rd2 R7b6 44. Qf2 Qb7 45. Rde2 Bd3 46. Rd2 Be4 47. Rde2 Bb1
48. Rd2 Qb8 49. Ree2 Rb7 50. Re1 Bf5 51. Ree2 Bd3 52. Re1 a5 53. Qe3 Rxb2 54.
Nxb2 Rxb2 55. Rxb2 Qxb2 56. Qc1 Qa2 57. f5 exf5 58. Bxd6 Be4 59. Rxe4 fxe4 60.
Be5 Bxe5 61. dxe5 Qe2 62. Qf4 Qe1+ 63. Kh2 e3 64. Qf6+ Kg8 65. e6 Qg3+ 66. Kh1
fxe6 67. Qxe6+ Kf8 68. Qf6+ Ke8 69. Qe6+ Kd8 70. Qf6+ Kd7 71. Qf7+ Kd6 72. Qf6+
Kc5 73. Qd4+ Kb5 74. Qd7+ Kb6 75. Qd4+ Kc6 76. Qxc4+ Kd6 77. Qe2 Qe5 78. c4 Kc5 0-1

[Event "Chigorin Memorial Open"]
[Site "St Petersburg RUS"]
[Date "2011.10.20"]
[Round "7.39"]
[White "Popov, Valerij"]
[Black "Derbenev, Andrey"]
[Result "1-0"]
[WhiteTitle "GM"]
[WhiteElo "2545"]
[BlackElo "2353"]
[WhiteFideId "4119410"]
[BlackFideId "4154169"]
[EventDate "2011.10.14"]

1. c4 Nc6 2. Nc3 e5 3. g3 f5 4. Nf3 Nf6 5. d4 e4 6. Nh4 d6 7. Bh3 g6 8. Bg5 Bg7
9. O-O O-O 10. Qd2 Qe8 11. Rad1 Nh5 12. Bh6 f4 13. Bxg7 Kxg7 14. Bxc8 Rxc8 15.
d5 e3 16. fxe3 fxg3 17. dxc6 gxh2+ 18. Kg2 Qxc6+ 19. Qd5 Qd7 20. Kxh2 Kh6 21.
Rf3 Qe7 22. Qe4 Qd8 23. Rg1 Qe8 24. Qd4 Qe6 25. Rgf1 Rxf3 26. exf3 Re8 27. Ng2
Qf5 28. e4 Qg5 29. Qe3 1-0

[Event "Chigorin Memorial Open"]
[Site "St Petersburg RUS"]
[Date "2011.10.20"]
[Round "7.40"]
[White "Egorov, Dmitry"]
[Black "Al-Sayed, Mohammed"]
[Result "0-1"]
[WhiteTitle "FM"]
[BlackTitle "GM"]
[WhiteElo "2353"]
[BlackElo "2519"]
[WhiteFideId "4128303"]
[BlackFideId "12100196"]
[EventDate "2011.10.14"]

1. e4 c5 2. Nf3 d6 3. c3 Nf6 4. Bc4 e6 5. d3 a6 6. Bb3 b5 7. O-O Be7 8. Re1 Bb7
9. Bg5 Nbd7 10. Nbd2 h6 11. Bh4 g5 12. Bg3 Nh5 13. Nf1 Nxg3 14. Nxg3 h5 15. d4
g4 16. Nd2 Qb6 17. Ne2 h4 18. a4 cxd4 19. cxd4 Bg5 20. axb5 axb5 21. Rxa8+ Bxa8
22. Bc2 Nf6 23. Bd3 Kf8 24. Qc2 h3 25. Nf1 hxg2 26. Nfg3 Kg7 27. Qb3 d5 28. e5
Ne4 29. Qxb5 Qd8 30. Kxg2 Rxh2+ 31. Kxh2 Qh8+ 32. Kg1 Nd2 33. Nf4 Nf3+ 34. Kg2
Qh2+ 0-1

[Event "Chigorin Memorial Open"]
[Site "St Petersburg RUS"]
[Date "2011.10.20"]
[Round "7.41"]
[White "Belous, Vladimir"]
[Black "Gubernatorov, Sergey"]
[Result "1/2-1/2"]
[BlackTitle "FM"]
[WhiteElo "2504"]
[BlackElo "2311"]
[WhiteFideId "4174003"]
[BlackFideId "4148215"]
[EventDate "2011.10.14"]

1. c4 Nf6 2. Nf3 g6 3. Nc3 Bg7 4. e4 c5 5. d4 cxd4 6. Nxd4 Nc6 7. Nc2 d6 8. Be2
O-O 9. O-O Be6 10. f3 Nd7 11. Nd5 a5 12. Rb1 Nc5 13. Be3 f5 14. exf5 Bxf5 15.
Bf2 Nb4 16. Ndxb4 axb4 17. Nxb4 Bxb1 18. Qxb1 e6 19. Rd1 Qe7 20. Bf1 Be5 21. b3
Qg5 22. Be2 Rad8 23. g3 Bg7 24. Nc2 Qf5 25. Kg2 e5 26. Rd5 Bh6 27. h4 g5 28. g4
Qf6 29. Bxc5 dxc5 30. Ne3 Rxd5 31. Nxd5 Qe6 32. Qe4 gxh4 33. Bd3 Rf7 34. a4 Bg5
35. Qe1 h3+ 36. Kh2 Rxf3 37. Bxh7+ Kg7 38. Bf5 Qd6 39. Kh1 Rxb3 40. Bc2 Rb2 41.
Qe4 Rxc2 42. Qxc2 Qg6 43. Qxg6+ Kxg6 44. Kh2 Bd2 45. Kxh3 Kg5 46. Kg3 e4 47. Nb6
Bf4+ 48. Kf2 Kxg4 49. Ke2 Kf5 50. Nd5 Ke5 51. Nc7 Bh6 52. Nb5 Bg5 53. Kf2 Bf4
54. Ke2 Bh6 55. Kf2 Bg5 56. Ke2 b6 57. Kf2 e3+ 58. Kf3 Bh6 59. Ke2 Ke4 60. Nd6+
Kd4 61. Nf5+ Kxc4 62. Nxh6 Kb3 63. Nf5 Kxa4 64. Nxe3 1/2-1/2

[Event "Chigorin Memorial Open"]
[Site "St Petersburg RUS"]
[Date "2011.10.20"]
[Round "7.42"]
[White "Obolenskikh, Dmitry"]
[Black "Barhudarian, Rafael"]
[Result "1-0"]
[BlackTitle "FM"]
[WhiteElo "2500"]
[BlackElo "2325"]
[WhiteFideId "4156013"]
[BlackFideId "4182685"]
[EventDate "2011.10.14"]

1. e4 Nc6 2. Nf3 d6 3. d4 Nf6 4. d5 Nb8 5. Bd3 g6 6. c4 Bg7 7. Nc3 O-O 8. O-O c6
9. Re1 Bg4 10. h3 Bxf3 11. Qxf3 Nbd7 12. Bf1 Rc8 13. Qe3 a6 14. Rb1 cxd5 15.
exd5 Re8 16. Bd2 Qc7 17. b3 Qc5 18. Qxc5 Nxc5 19. Rbc1 Kf8 20. g3 Red8 21. Kg2
Rb8 22. g4 h6 23. f4 Rdc8 24. Kf3 Ne8 25. Rc2 Nc7 26. Rec1 Re8 27. Be3 Nd7 28.
a4 b5 29. cxb5 Bxc3 30. Rd1 Nxb5 31. axb5 Ba5 32. bxa6 Rxb3 33. Bc4 Ra3 34. Rd3
Rxd3 35. Bxd3 Rd8 36. Bb5 Nc5 37. Bxc5 dxc5 38. Bc6 1-0

[Event "Chigorin Memorial Open"]
[Site "St Petersburg RUS"]
[Date "2011.10.20"]
[Round "7.43"]
[White "Leontiev, Aleksandr V."]
[Black "Airapetian, Gor"]
[Result "0-1"]
[WhiteTitle "IM"]
[BlackTitle "IM"]
[WhiteElo "2329"]
[BlackElo "2463"]
[WhiteFideId "4122968"]
[BlackFideId "4177916"]
[EventDate "2011.10.14"]

1. c4 e6 2. Nf3 Nf6 3. g3 d5 4. Bg2 dxc4 5. Qa4+ Nbd7 6. O-O a6 7. Qxc4 b5 8.
Qc2 Bb7 9. a4 c5 10. d3 Be7 11. Qb3 Bd5 12. Qc2 O-O 13. Nc3 Bc6 14. Rd1 Qb6 15.
Bf4 Rfc8 16. Ne5 Nxe5 17. Bxe5 Bxg2 18. Kxg2 Ng4 19. Bf4 c4 20. d4 b4 21. a5
Qc6+ 22. d5 Qb7 23. Na4 Nf6 24. e4 exd5 25. Nb6 Nxe4 26. f3 Nc5 27. Rxd5 Rd8 28.
Rxc5 Bxc5 29. Nxa8 Qxa8 30. Qxc4 Qd5 31. Rc1 g5 32. Qxc5 gxf4 33. Qxb4 Qd2+ 34.
Qxd2 Rxd2+ 35. Kh3 Rxb2 36. Rc6 Rf2 37. Kg4 Rxh2 38. Kxf4 Ra2 39. Rxa6 Kg7 40.
g4 h6 41. Kf5 Ra3 42. f4 Rc3 43. Ra8 Rc5+ 44. Ke4 Rc4+ 45. Ke5 Ra4 46. Ra7 Kg6
47. Ra6+ Kg7 48. Kf5 Rc4 49. Ra7 Rc5+ 50. Ke4 Rc4+ 51. Ke5 Ra4 52. Kf5 Ra3 53.
g5 hxg5 54. Kxg5 Rb3 55. Kg4 Ra3 56. Ra6 Ra1 57. Kh5 Rh1+ 58. Kg5 Rc1 59. Ra7
Rc5+ 60. Kg4 Kg6 61. Ra8 Rb5 62. Ra6+ Kg7 63. Ra8 Rc5 64. Kf3 Rb5 65. Ra6 Rc5
66. Ke4 Rb5 67. Ra8 Kf6 68. Ra7 Kg6 69. Ra8 Kf6 70. Kf3 Kf5 0-1

[Event "Chigorin Memorial Open"]
[Site "St Petersburg RUS"]
[Date "2011.10.20"]
[Round "7.44"]
[White "Demianjuk, Alexander"]
[Black "Mozharov, Mikhail"]
[Result "0-1"]
[BlackTitle "IM"]
[WhiteElo "2319"]
[BlackElo "2459"]
[WhiteFideId "4134249"]
[BlackFideId "4189825"]
[EventDate "2011.10.14"]

1. d4 Nf6 2. c4 c5 3. d5 b5 4. cxb5 a6 5. bxa6 g6 6. Nc3 Bxa6 7. g3 d6 8. Bg2
Bg7 9. Nf3 Nbd7 10. Rb1 Nb6 11. b3 Bb7 12. Nh4 O-O 13. Bb2 Ne8 14. Qc2 Nc7 15.
Rd1 f5 16. O-O Qe8 17. e4 fxe4 18. Bxe4 Qf7 19. Nf3 Bf6 20. h4 Nbxd5 21. Nxd5
Bxd5 22. Bxf6 Bxe4 23. Qxe4 Qxf6 24. Nd2 Rxa2 25. b4 d5 26. Qb1 Rb2 27. Qc1 c4
28. Nxc4 dxc4 29. Qxc4+ Ne6 30. f4 Kh8 31. Rfe1 Ng7 32. Qd4 0-1

[Event "Chigorin Memorial Open"]
[Site "St Petersburg RUS"]
[Date "2011.10.20"]
[Round "7.46"]
[White "Minina, Veronika"]
[Black "Tokabayev, A"]
[Result "1-0"]
[WhiteElo "2120"]
[BlackElo "1950"]
[WhiteFideId "4174780"]
[BlackFideId "13705210"]
[EventDate "2011.10.14"]

1. Nf3 c5 2. g3 g6 3. Bg2 Bg7 4. c4 Nc6 5. O-O Nh6 6. Nc3 O-O 7. d3 Nf5 8. Rb1
Rb8 9. a3 d6 10. Bd2 e5 11. b4 b6 12. Ne1 Bd7 13. Nc2 Nfd4 14. Ne3 f5 15. Ned5
Ne6 16. e3 g5 17. Nb5 Be8 18. Nbc3 g4 19. b5 Ne7 20. Nxe7+ Qxe7 21. Nd5 Qd8 22.
e4 h5 23. exf5 Nd4 24. f3 gxf3 25. Bxf3 Rxf5 26. Be4 Rxf1+ 27. Qxf1 Bd7 28. h4
Bg4 29. Bg5 Ne2+ 30. Kh2 Qd7 31. Ne7+ Kh8 32. Qf7 Qe8 33. Ng6+ Kh7 34. Qxa7 Nc3
35. Bf6 Bd7 36. Nf8+ Kg8 37. Nxd7 Nxe4 38. Bxg7 Qf7 39. Qxb8+ Kxg7 40. Qf8+ Qxf8
41. Nxf8 1-0